Normal view
MARC view
- الجيوسي، عودة راشد ؛ تقديم : الحسن بن طلال ؛ ترجمة: جمانة وليد وآخرون
Entry Personal Name
001 - CONTROL NUMBER
- control field: 56691
003 - CONTROL NUMBER IDENTIFIER
- control field: JO-AjAnu
005 - DATE AND TIME OF LATEST TRANSACTION
- control field: 20230606083305.0
008 - FIXED-LENGTH DATA ELEMENTS
- fixed length control field: 230606|| aca||aabn | a|a d
040 ## - CATALOGING SOURCE
- Original cataloging agency: JO-AjAnu
- Transcribing agency: JO-AjAnu
100 ## - HEADING--PERSONAL NAME
- Personal name: الجيوسي، عودة راشد ؛ تقديم : الحسن بن طلال ؛ ترجمة: جمانة وليد وآخرون
670 ## - SOURCE DATA FOUND
- Source citation: Work cat.: (JO-AjAnu)28929: الجيوسي، عودة راشد ؛ تقديم : الحسن بن طلال ؛ ترجمة: جمانة وليد وآخرون , author, الإسلام والتنمية المستدامة رؤية جديدة